Rozpoznaj znaki Nakazu - Statystyki

Ogólne statystyki
  • Ten quiz został rozwiązany 121 razy
  • Średni wynik to 9 z 21
Statystyki odpowiedzi
Obrazkowy Odpowiedź % Poprawnych
Ruch Okrężny(Rondo)
91%
Nakaz Jazdy w Prawo Przed Znakiem
82%
Droga dla Rowerów
65%
Nakaz Jazdy Prosto lub w Lewo
65%
Nakaz Jazdy Prosto
59%
Koniec Drogi dla Rowerów
55%
Nakaz Jazdy w Prawo za Znakiem
55%
Droga dla Pieszych
52%
Nakaz Jazdy w Lewo Przed Znakiem
52%
Koniec Drogi dla Pieszych
48%
Nakaz Jazdy w Lewo za Znakiem
44%
Nakaz Jazdy w Prawo lub w Lewo
41%
Nakaz Jazdy Prosto lub w Prawo
38%
Nakaz Jazdy z Lewej Strony Znaku
36%
Nakaz Jazdy z Prawej Strony Znaku
35%
Prędkość Minimalna
27%
Nakaz Używania Łańcuchów Przeciwpoślizgowych
18%
Koniec Prędkości Minimalnej
17%
Nakaz Jazdy z Prawej lub Lewej Strony Znaku
17%
Koniec Nakazu Używania Łańcuchów Przeciwpoślizgowych
15%
Nakazany Kierunek Jazdy dla Pojazdów z Towarami Niebezpiecznymi
6%
Nie znaleziono quizów pasujących do podanych kryteriów
Rozkład punktacji
Procent ludzi z każdym wynikiem
Percentyl według liczby udzielonych odpowiedzi
Twoja historia wyników
Nie rozwiązałeś tego quizu